000 00345nam a22001457a 4500
008 211011b ||||| |||| 00| 0 eng d
020 _a2900312442032
041 _aeng
080 _a82
082 _a82
100 _a21
101 _aGJL
245 _aThe Interesting Narrative of the Life of Olaudah Equiano
_cAllison,R.J
942 _2udc
_cBK
999 _c58118
_d58118